Sinh thái thực vật

Đã lưu trong:
书目详细资料
主要作者: Phan Nguyên Hồng
格式: 图书
语言:Undetermined
出版: Hà Nội Giáo Dục 1978
主题:
标签: 添加标签
没有标签, 成为第一个标记此记录!
Thư viện lưu trữ: Trung tâm Học liệu Trường Đại học Cần Thơ
LEADER 00512nam a2200181Ia 4500
001 CTU_33308
008 210402s9999 xx 000 0 und d
082 |a 581.5 
082 |b H455/1978 
100 |a Phan Nguyên Hồng 
245 0 |a Sinh thái thực vật 
245 0 |c Phan Nguyên Hồng, Võ Văn Dũng 
260 |a Hà Nội 
260 |b Giáo Dục 
260 |c 1978 
650 |a plant ecology 
904 |i Minh, 991013 
980 |a Trung tâm Học liệu Trường Đại học Cần Thơ